| 000 -LEADER |
| fixed length control field |
00887nam a2200265Ia 4500 |
| 001 - CONTROL NUMBER |
| control field |
1050 |
| 003 - CONTROL NUMBER IDENTIFIER |
| control field |
GE_BSU |
| 008 - FIXED-LENGTH DATA ELEMENTS--GENERAL INFORMATION |
| fixed length control field |
181216s||||||||xx |||||||||||||| ||und|| |
| 020 ## - INTERNATIONAL STANDARD BOOK NUMBER |
| International Standard Book Number |
5811218257 |
| 040 ## - CATALOGING SOURCE |
| Transcribing agency |
GE_BSU |
| 080 ## - UNIVERSAL DECIMAL CLASSIFICATION NUMBER |
| Universal Decimal Classification number |
373.015.3(072) |
| 100 ## - MAIN ENTRY--PERSONAL NAME |
| Personal name |
Семаго,М.М.,Семаго,Н.Я. |
| 245 ## - TITLE STATEMENT |
| Title |
Диагностико-консультативная деятельность психолога образования |
| 245 ## - TITLE STATEMENT |
| Remainder of title |
Метод. пособие |
| 245 ## - TITLE STATEMENT |
| Statement of responsibility, etc. |
Под общ. ред. М.М.Семаго |
| 250 ## - EDITION STATEMENT |
| Edition statement |
2-е изд. |
| 260 ## - PUBLICATION, DISTRIBUTION, ETC. |
| Place of publication, distribution, etc. |
Москва |
| 260 ## - PUBLICATION, DISTRIBUTION, ETC. |
| Name of publisher, distributor, etc. |
Айрис-Пресс |
| 260 ## - PUBLICATION, DISTRIBUTION, ETC. |
| Date of publication, distribution, etc. |
2006 |
| 300 ## - PHYSICAL DESCRIPTION |
| Extent |
288стр. |
| 653 ## - INDEX TERM--UNCONTROLLED |
| Uncontrolled term |
Диагностико-консультативная деятельность психолога образования |
| 653 ## - INDEX TERM--UNCONTROLLED |
| Uncontrolled term |
ფსიქოლოგია |
| 942 ## - ADDED ENTRY ELEMENTS (KOHA) |
| Koha item type |
წიგნი |